000 00337nam a2200133Ia 4500
008 240624s9999 xx 000 0 und d
041 _aeng
082 _a200 SAN
100 _aSANTIDEVA
245 _aBODHICARYAVATARA
260 _c2008
_aNew Delhi
_bOxford University press
300 _axlviii, : 191 : p. : cm. ; 19
365 _cRS
_b30
999 _c14555
_d14555